CATÁLOGO PÚBLICO DE LA BIBLIOTECA OSCAR VARSAVSKY

Diseño de un manual para el facilitador del procesos de aprendizaje gerencial (Registro nro. 1119)

Detalles MARC
000 -CABECERA
campo de control de longitud fija 01997nam a22002057a 4500
001 - NÚMERO DE CONTROL
campo de control T027600013343
008 - DATOS DE LONGITUD FIJA--INFORMACIÓN GENERAL
campo de control de longitud fija 181014b xve||||| m 0 e0p | esp
040 ## - FUENTE DE LA CATALOGACIÓN
Centro catalogador/agencia de origen FEVP
Centro/agencia transcriptor FEVP
041 ## - CÓDIGO DE LENGUA
Código de lengua del texto/banda sonora o título independiente spa
099 ## - SIGNATURA TOPOGRÁFICA LOCAL
Sigla especial EVP T-G.P.
Cutter F954
100 ## - ENTRADA PRINCIPAL--NOMBRE DE PERSONA
Apellido (s), Nombre (s) Fuenmayor Bello, Reynaldo
245 ## - MENCIÓN DE TÍTULO
Título Diseño de un manual para el facilitador del procesos de aprendizaje gerencial
260 ## - PUBLICACIÓN, DISTRIBUCIÓN, ETC. (PIE DE IMPRENTA)
Fecha de publicación, distribución, etc. Noviembre, 2003
300 ## - DESCRIPCIÓN FÍSICA
Extensión viii, 115 pp.
500 ## - NOTA GENERAL
Nota general Impreso
502 ## - NOTA DE TESIS
Nota de tesis TESIS -- Especialista, Especialista en Gerencia Pública
520 ## - NOTA DE RESUMEN, ETC. (R)
Sumario, etc. La formación gerencial en la actualidad requiere contar con docentes-facilitadores que manejen recursos modernos motivadores del aprendizaje, la participación activa y la aplicación de técnicas interactivas de aprendizaje en el aula, la cual debería convertirse en un espacio de simulaciones y discusiones.<br/><br/>El trabajo especial de grado que se presenta tiene como objetivo general el diseño de un manual para el facilitador de procesos de aprendizaje gerencial, el cual se desarrolló a través de la técnica de entrevista semiestructurada aplicando como instrumento la encuesta que sirvió de apoyo para la incorporación de los temas introducidos en el Manual.<br/><br/>El contenido del Manual del Facilitador se estructuró en función de las necesidades que manifestaron los entrevistados, todos ellos docentes a nivel de postgrados, en distintas instituciones universitarias y no universitarias.<br/><br/>Con la presentación de este producto el autor del Trabajo Especial de Grado pretende suministrar un aporte teórico-metodológico al Instituto Venezolano de Planificación en general y, en particular, a los docentes-facilitadores del postgrado en Gerencia Pública.<br/><br/>La investigación intenta responder a la interrogante del planteamiento del problema y contribuye a despertar la motivación en un ambiente constructivo, productivo y cada vez más innovador en la formación de gerentes venezolanos.<br/><br/>
700 ## - PUNTO DE ACCESO ADICIONAL--NOMBRE DE PERSONA
Nombre de persona Torres, Katiuska
Término indicativo de función/relación Tutora
942 ## - ELEMENTOS DE PUNTO DE ACCESO ADICIONAL (KOHA)
Tipo de ítem Koha Tesis
Existencias
Estado de retiro Estado de pérdida Fuente del sistema de clasificación o colocación Estado dañado No para préstamo Localización permanente Ubicación/localización actual Fecha de adquisición Total de préstamos Signatura topográfica completa Código de barras Fecha visto por última vez Precio válido a partir de Tipo de ítem Koha Número de copia
          Oscar Varsavsky Oscar Varsavsky 31.10.2018   EVP T-G.P. F954 T027600017066 31.10.2018 31.10.2018 Tesis  
          Oscar Varsavsky Oscar Varsavsky 31.10.2018   EVP T-G.P. F954 T027600017067 31.10.2018 31.10.2018 Tesis e.2